| 000 | 00855pam a2200253 a 4500 | ||
|---|---|---|---|
| 999 |
_c10517 _d10517 |
||
| 001 | 692618 | ||
| 003 | OSt | ||
| 005 | 20210225104249.0 | ||
| 008 | 960924s1996 miua b 000 0 eng | ||
| 010 | _a 96046208 | ||
| 020 | _a0825440998 (pbk.) | ||
| 040 |
_aDLC _cDLC _dDLC |
||
| 050 | 0 | 0 |
_aBS476 _bZ94R |
| 082 | 0 | 0 |
_a220.6/01 _221 _bZ94R |
| 245 | 0 | 0 |
_aRightly divided : _breadings in biblical hermeneutics / _cRoy B. Zuck, general editor. |
| 260 |
_aGrand Rapids, MI : _bKregel Publications, _cc1996. |
||
| 300 |
_a320 p. : _bill. ; _c22 cm. |
||
| 504 | _aIncludes bibliographical references (p. 297-320). | ||
| 630 | 0 | 0 |
_aBible _xHermeneutics. |
| 700 | 1 | _aZuck, Roy B. | |
| 906 |
_a7 _bcbc _corignew _d1 _eocip _f19 _gy-gencatlg |
||
| 942 |
_2ddc _cBK |
||